书目信息 |
| 题名: |
城市发展规律
|
|
| 作者: | 杨保军 主编 ;中国城市规划设计研究院 编著 | |
| 分册: | ||
| 出版信息: | 北京 中国建筑工业出版社 2016.11 |
|
| 页数: | 372页 | |
| 开本: | 26cm | |
| 丛书名: | 落实“中央城市工作会议”系列丛书 | |
| 单 册: | ||
| 中图分类: | TU984.2 | |
| 科图分类: | ||
| 主题词: | 城市规划--研究--中国 | |
| 电子资源: | ||
| ISBN: | 978-7-112-19843-6 | |
| 000 | 01304oam2 2200325 450 | |
| 001 | 0100004635 | |
| 005 | 20190305171058.91 | |
| 010 | @a978-7-112-19843-6@dCNY88.00 | |
| 100 | @a20161208d2016 em y0chiy50 ea | |
| 101 | 0 | @achi |
| 102 | @aCN@b110000 | |
| 105 | @aa z 000yy | |
| 200 | 1 | @a城市发展规律@Acheng shi fa zhan gui lu^@e知与行@f中国城市规划设计研究院编著 |
| 210 | @a北京@c中国建筑工业出版社@d2016.11 | |
| 215 | @a372页@c图@d26cm | |
| 225 | 2 | @a落实“中央城市工作会议”系列丛书 |
| 300 | @a中国城市规划设计研究院学术研究成果 | |
| 312 | @a封面英文题名:Understanding sustainable urban development: ideas and practices | |
| 314 | @a主编:杨保军 | |
| 330 | @a本书共分为12章,主要内容包括:城市与自然协调发展规律、城市社会发展规律、城市经济发展规律、城市文化发展规律、城市人口流动规律、城乡关系演化规律等。 | |
| 333 | @a城市设计工作者 | |
| 410 | 0 | @12001 @a落实“中央城市工作会议”系列丛书 |
| 510 | 1 | @aUnderstanding sustainable urban development@eideas and practices@zeng |
| 517 | 1 | @a知与行@Azhi yu xing |
| 606 | 0 | @a城市规划@x研究@y中国 |
| 690 | @aTU984.2@v5 | |
| 701 | 0 | @a杨保军@Ayang bao jun@4主编 |
| 712 | 02 | @a中国城市规划设计研究院@Azhong guo cheng shi gui hua she ji yan jiu yuan@4编著 |
| 801 | 0 | @aCN@c201701015 |
| 905 | @a河南城建学院图书馆@dTU984.2@eY142 | |
| 城市发展规律:知与行/中国城市规划设计研究院编著.-北京:中国建筑工业出版社,2016.11 |
| 372页:图;26cm.-(落实“中央城市工作会议”系列丛书) |
| 中国城市规划设计研究院学术研究成果.-使用对象:城市设计工作者 |
| ISBN 978-7-112-19843-6:CNY88.00 |
| 本书共分为12章,主要内容包括:城市与自然协调发展规律、城市社会发展规律、城市经济发展规律、城市文化发展规律、城市人口流动规律、城乡关系演化规律等。 |
| ● |
| 相关链接 |
|
|
|
正题名:城市发展规律
索取号:TU984.2/Y142
 
预约/预借
| 序号 | 登录号 | 条形码 | 馆藏地/架位号 | 状态 | 备注 |
| 1 | 1305338 | 213053381 | 建筑库201/201建筑库 65排2列4层/ [索取号:TU984.2/Y142] | 在馆 | |
| 2 | 1337536 | 213375364 | 建筑与城市规划学院资料室/101建筑库 88排3列5层/ [索取号:TU984.2/Y142] | 在馆 | |
| 3 | 1337537 | 213375373 | 建筑库201/201建筑库 65排2列4层/ [索取号:TU984.2/Y142] | 在馆 |